Sports Quiz

Random Sports or Auto Racing Quiz

I won a World Championship with Ferrari Quiz Stats

 Plays Quiz not verified by Sporcle

Score 0/9 Timer 02:00
1 Play Today
% Correct
Michael Schumacher
98%
Kimi Räikkönen
94.2%
Niki Lauda
92.3%
Alberto Ascari
90.6%
Juan Manuel Fangio
88.7%
Jody Scheckter
84.7%
John Surtees
78.7%
Phil Hill
78.4%
Mike Hawthorn
76.3%

You're not logged in!

Compare scores with friends on all Sporcle quizzes.
OR
Log In

Show Comments

Extras

Top Quizzes Today


Score Distribution

Your Account Isn't Verified!

In order to create a playlist on Sporcle, you need to verify the email address you used during registration. Go to your Sporcle Settings to finish the process.

Report this User

Report this user for behavior that violates our Community Guidelines.

Details: